The Copper Hoard Weapons In Ganga-Yamuna Doab (circa 4000-1500 BC) (Record no. 201419)

MARC details
000 -LEADER
fixed length control field 00648nam a2200193 4500
010 ## - LCCN (DPL NO)
LC control number ENG-139664
020 ## - INTERNATIONAL STANDARD BOOK NUMBER
International Standard Book Number 9789387306134
Terms of availability 1500.00
035 ## - SYSTEM CONTROL NUMBER
System control number EN-123196
037 ## - SOURCE OF ACQUISITION
Source of stock number/acquisition DBAD/PUB
082 ## - DEWEY DECIMAL CLASSIFICATION NUMBER
Classification number 938.03
100 ## - MAIN ENTRY--PERSONAL NAME
Personal name Sharma,D.,P.
245 ## - TITLE STATEMENT
Title The Copper Hoard Weapons In Ganga-Yamuna Doab (circa 4000-1500 BC)
Statement of responsibility, etc /by D.P. Sharma [and] Madhuri Sharma
250 ## - EDITION STATEMENT
Edition statement 1
260 ## - PUBLICATION, DISTRIBUTION, ETC. (IMPRINT)
Place of publication, distribution, etc Varanasi
Name of publisher, distributor, etc Prachya Vidya Bhawan
Date of publication, distribution, etc 2019
270 ## - ADDRESS
Address B5/25 Oudhgarvi, Sonarpura
City Varanasi
Postal code 221001
Electronic mail address prachyavb@gmail.com
300 ## - PHYSICAL DESCRIPTION
Extent 182 p.
Dimensions 23cm(PBT)
Accompanying material ill.
700 ## - ADDED ENTRY--PERSONAL NAME
9 (RLIN) 63009
Personal name Sharma, Madhuri.
942 ## - ADDED ENTRY ELEMENTS (KOHA)
Source of classification or shelving scheme Dewey Decimal Classification
Item type English Books
Classification part 938.03
Call number suffix SHA
Edition 1
Holdings
Withdrawn status Lost status Not for loan Collection code Home library Current library Date acquired Source of acquisition Cost, normal purchase price Full call number Barcode Copy number Cost, replacement price Koha item type
      Non-fiction Bawana Bawana 12/03/2024 DBAD 1500.00 938.03 SHA EN-123196 1 1500.00 English Books

© Delhi Public Library
Hit Counter
free hit counter